Future of Visegrad co-operation

História myšlienky visegrádskej spolupráce. Priebeh, možnosti a perspektívy spolupráce krajín V 4.

Guardado en:
Detalles Bibliográficos
Autor principal: Rusnák, Urban
Formato: Capítulo de libro
Lenguaje:inglés
Materias:
Etiquetas: Agregar Etiqueta
Sin Etiquetas, Sea el primero en etiquetar este registro!

MARC

LEADER 00000naa a2200000 4500
001 r047951
005 20230922120820.9
041 0 |a eng 
044 |a SK 
245 1 0 |a Future of Visegrad co-operation  |c Urban Rusnák 
520 |a História myšlienky visegrádskej spolupráce. Priebeh, možnosti a perspektívy spolupráce krajín V 4. 
610 2 0 |a spolupráca hospodárska medzinárodná 
610 2 0 |a história 
610 2 0 |a SVE 
610 2 0 |a regióny 
610 2 0 |a spolupráca cezhraničná 
610 2 0 |a Vyšehradská štvorka 
100 1 |a Rusnák, Urban